000 00375nam a2200145 i 4500
001 bg
100 1 _aKOSTECKI, Marian J.
245 0 _aCzłowiek w świecie organizacji /
_cMarian J. Kostecki, Krzysztof Mreła.
260 _aWarszawa,
_c1979.
700 1 _aMREŁA, Krzysztof
040 _cBPK
041 _apol
942 _cKS
008 s pl f |000 0 pol
999 _c21530
_d21530
856 _uhttp://koha.tu.koszalin.pl/cgi-bin/koha/opac-detail.pl?biblionumber=21530
_yKatalog online BPK